Normal view
MARC view
- BROOKLYN (NEW YORK) SOCIAL LIFE AND CUSTOMS
Entry Topical Term
001 - CONTROL NUMBER
- control field: 4227
003 - CONTROL NUMBER IDENTIFIER
- control field: CBULib
005 - DATE AND TIME OF LATEST TRANSACTION
- control field: 20241211144033.0
008 - FIXED-LENGTH DATA ELEMENTS
- fixed length control field: 241211|| aca||babn | a|a d
040 ## - CATALOGING SOURCE
- Original cataloging agency: CBULib
150 ## - HEADING--TOPICAL TERM
- Topical term or geographic name entry element: BROOKLYN (NEW YORK) SOCIAL LIFE AND CUSTOMS